India in transition / (Record no. 18540)

MARC details
000 -LEADER
fixed length control field 00752nam a2200253 a 4500
001 - CONTROL NUMBER
control field 4275260
003 - CONTROL NUMBER IDENTIFIER
control field BDDh-ASL
005 - DATE AND TIME OF LATEST TRANSACTION
control field 20231015025719.0
008 - FIXED-LENGTH DATA ELEMENTS--GENERAL INFORMATION
fixed length control field 841005s1932 e b 001 0 eng
010 ## - LIBRARY OF CONGRESS CONTROL NUMBER
LC control number 84900643
025 ## - OVERSEAS ACQUISITION NUMBER
Overseas acquisition number I E 46837
040 ## - CATALOGING SOURCE
Original cataloging agency DLC
Transcribing agency DLC
Modifying agency BDDh-ASL
043 ## - GEOGRAPHIC AREA CODE
Geographic area code a-ii---
050 00 - LIBRARY OF CONGRESS CALL NUMBER
Classification number DS480.45
Item number .P6 1984
082 00 - DEWEY DECIMAL CLASSIFICATION NUMBER
Classification number 954
Edition number 19
Item number POI
100 1# - MAIN ENTRY--PERSONAL NAME
Personal name Pole, D. Graham
Fuller form of name (David Graham)
245 10 - TITLE STATEMENT
Title India in transition /
Statement of responsibility, etc. by D. Graham Pole.
260 ## - PUBLICATION, DISTRIBUTION, ETC.
Place of publication, distribution, etc. London:
Name of publisher, distributor, etc. Hogarth Press,
Date of publication, distribution, etc. 1932.
300 ## - PHYSICAL DESCRIPTION
Extent xii, 395 p. :
Dimensions 23 cm.
504 ## - BIBLIOGRAPHY, ETC. NOTE
Bibliography, etc. note Includes bibliographical references and index.
651 #0 - SUBJECT ADDED ENTRY--GEOGRAPHIC NAME
Geographic name India
General subdivision Politics and government
Chronological subdivision 1919-1947.
906 ## - LOCAL DATA ELEMENT F, LDF (RLIN)
a 7
b cbc
c orignew
d 4
e ncip
f 19
g y-gencatlg
942 ## - ADDED ENTRY ELEMENTS (KOHA)
Source of classification or shelving scheme Dewey Decimal Classification
Koha item type Books
Holdings
Withdrawn status Lost status Source of classification or shelving scheme Damaged status Not for loan Collection code Home library Current library Shelving location Date acquired Source of acquisition Total Checkouts Full call number Barcode Date last seen Copy number Price effective from Koha item type Public note
    Dewey Decimal Classification   Not For Loan Non-fiction Asiatic Society Library Asiatic Society Library Harrison Collection 10/13/2020 Donated by Prof. John B. Harrison   954 POI 101732 10/13/2020 C-1 10/13/2020 Books RARE

Powered by Koha